Electric machinery and transformers (Record no. 440)

000 -LEADER
fixed length control field 00469nam a2200193 4500
001 - CONTROL NUMBER
control field 440
003 - CONTROL NUMBER IDENTIFIER
control field BD-DhUET
008 - FIXED-LENGTH DATA ELEMENTS--GENERAL INFORMATION
fixed length control field 140721b xxu||||| |||| 00| 0 eng d
020 ## - INTERNATIONAL STANDARD BOOK NUMBER
International Standard Book Number 81203007755
040 ## - CATALOGING SOURCE
Transcribing agency 0
Modifying agency BD-DhUET
082 ## - DEWEY DECIMAL CLASSIFICATION NUMBER
Classification number 623.1042
Item number KOS/1991
100 ## - MAIN ENTRY--PERSONAL NAME
Personal name Kosow, Irving L.
245 ## - TITLE STATEMENT
Title Electric machinery and transformers
250 ## - EDITION STATEMENT
Edition statement 2nd ed.
260 ## - PUBLICATION, DISTRIBUTION, ETC. (IMPRINT)
Place of publication, distribution, etc. New Delhi
Name of publisher, distributor, etc. Prentice-Hall
Date of publication, distribution, etc. 1991
300 ## - PHYSICAL DESCRIPTION
Extent xiv,626p.
650 #0 - SUBJECT ADDED ENTRY--TOPICAL TERM
Topical term or geographic name as entry element Electric machinery
942 ## - ADDED ENTRY ELEMENTS (KOHA)
Koha item type General Book
Holdings
Shelving location Not for loan Koha normalized classification for sorting Koha full call number Lost status Location (home branch) Koha date last seen Withdrawn status Piece designation (barcode) Koha date last borrowed Copy number Koha item type Sublocation or collection (holding branch) Price effective from Source of classification or shelving scheme Date acquired Damaged status Koha issues (times borrowed)
Circulation section 623_104200000000000_KOS_1991623.1042/KOS/1991 Central Library, BUET2014-07-21 103680 1General BookCentral Library, BUET2014-07-21 2014-07-21  
Circulation section 623_104200000000000_KOS_1991623.1042/KOS/1991 Central Library, BUET2016-12-07 103681 2General BookCentral Library, BUET2014-07-21 2014-07-21  
Circulation section 623_104200000000000_KOS_1991623.1042/KOS/1991 Central Library, BUET2021-12-15 1036822021-12-053General BookCentral Library, BUET2014-07-21 2014-07-21 1
Circulation section 623_104200000000000_KOS_1991623.1042/KOS/1991 Central Library, BUET2014-07-21 103683 4General BookCentral Library, BUET2014-07-21 2014-07-21  
Circulation section 623_000000000000000_1042KOS199623.1042/KOS/1991 Central Library, BUET2014-07-21 103684 5General BookCentral Library, BUET2014-07-21 2014-07-21  
Circulation section 623_104200000000000_KOS_1991623.1042/KOS/1991 Central Library, BUET2014-07-21 103685 6General BookCentral Library, BUET2014-07-21 2014-07-21  
Circulation section 623_104200000000000_KOS_1991623.1042/KOS/1991 Central Library, BUET2014-07-21 103686 7General BookCentral Library, BUET2014-07-21 2014-07-21  
Circulation section 623_000000000000000_1042KOS199623.1042/KOS/1991 Central Library, BUET2016-11-29 103688 8General BookCentral Library, BUET2014-07-21 2014-07-21  
Circulation section 623_104200000000000_KOS_1991623.1042/KOS/1991 Central Library, BUET2017-03-11 103689 9General BookCentral Library, BUET2014-07-21 2014-07-21